000 00782nam a22002657a 4500
001 BD-DhSAU
003 BD-DhSAU
005 20150517100655.0
008 150517b1994 at a||||r|||| 000 0 eng d
020 _a0867588497
040 _aBD-DhSAU
082 _222
_a589.24
_bLAB
110 _aFusarium Research Laboratory.
245 _aLaboratory manual for fusarium research /
_cLester W. Burgess ... [et al.]
250 _a3rd ed.
260 _aSudney :
_bRoyal Botanic Gardens,
_cc1994.
300 _avi, 133 p. :
_bill. ;
_c27 cm.
504 _aIncludes bibliographical references.
590 _ajoy
650 _aPlant pathology.
650 _aFusarium
_vIdentification.
650 _aPlant diseases.
_vIdentification.
700 _aBurgess, Lester W.
942 _2ddc
_cBOOK
999 _c7044
_d7044